000
00257nam a2200109Ia 4500
005
20251222114346.0
008
251222s1900||||xx |||||||||||||| ||spa||
082
_a
DVD0080/S17/2003/Ej.2
245
0
_a
Diarios de motocicleta
264
_b
FilmFour
942
_c
DVD
999
_c
1052
_d
1052